| Поле | Название | Значение |
| |
Тип записи |
a |
| |
Библиографический уровень |
a |
| 001 |
Контрольный номер |
RU/CBS_UL/BASE/247eefe729b64e5fbd01011bb8f05ee2 |
| 005 |
Дата корректировки |
20260422141548.5 |
| 100 |
Данные общей обработки |
__ |
| a |
Данные общей обработки |
20260422 ||| 0rusy0189 ca |
| 101 |
Язык документа |
0_ |
| a |
Язык текста |
rus |
| 102 |
Страна публикации |
__ |
| a |
Страна публикации |
RU |
| 200 |
Заглавие и сведения об ответственности |
1_ |
| a |
Заглавие |
Побила чемпионку мира, но остановилась в шаге от "золота" |
| e |
Сведения, относящиеся к заглавию |
[Линара Муслимова - снова призёр международного турнира по тхэквондо] |
| f |
Первые сведения об ответственности |
А. Агапов |
| 300 |
Общие примечания |
__ |
| a |
Общие примечания |
6+ |
| 461 |
Уровень набора |
_0 |
| 1 |
|
2000 |
| a |
|
Чемпион |
| 463 |
Уровень физической единицы |
_0 |
| 1 |
|
2000 |
| a |
|
№ 13 (1 апр.) |
| v |
|
С. 8 : фото |
| 1 |
|
2101 |
| d |
|
2026 |
| 1 |
|
001RU/CBS_UL/BASE/319aa7f69bdf4eeaa7ba7607f0abda7b |
| 600 |
Персоналии |
_1 |
| a |
Персоналии (Фамилия) |
Муслимова |
| b |
Персоналии (Имя, инициалы) |
Л. |
| 606 |
Тематические рубрики |
0_ |
| a |
Основная рубрика |
Тхэквондо - Ульяновск, город |
| 610 |
Ключевые слова |
0_ |
| a |
Ключевые слова |
тхэквондо |
| 610 |
Ключевые слова |
0_ |
| a |
Ключевые слова |
тхэквондистки |
| 610 |
Ключевые слова |
0_ |
| a |
Ключевые слова |
тхэквондистки ульяновские |
| 610 |
Ключевые слова |
0_ |
| a |
Ключевые слова |
ульяновские тхэквондистки |
| 610 |
Ключевые слова |
0_ |
| a |
Ключевые слова |
ульяновские спортсменки |
| 610 |
Ключевые слова |
0_ |
| a |
Ключевые слова |
спортсменки ульяновские |
| 610 |
Ключевые слова |
0_ |
| a |
Ключевые слова |
международные турниры по тхэквондо |
| 610 |
Ключевые слова |
0_ |
| a |
Ключевые слова |
соревнования по тхэквондо |
| 686 |
Индексы других классификаций |
__ |
| 2 |
Код системы |
rubbk |
| a |
Классификационный индекс |
75.715 |
| 700 |
Автор |
_1 |
| a |
Фамилия |
Агапов |
| b |
Имя (инициалы) |
А. |
| 801 |
Источник записи |
_0 |
| a |
Страна |
RU |
| b |
Организация |
МБУК ЦБС г. Ульяновска |
| c |
Дата составления |
20260422 |
| g |
Правила каталогизации |
RCR |
| 801 |
Источник записи |
_1 |
| a |
Страна |
RU |
| b |
Организация |
МБУК ЦБС г. Ульяновска |
| c |
Дата составления |
20260422 |
| g |
Правила каталогизации |
RCR |
| 901 |
Тип документа |
__ |
| t |
Тип документа |
f |
| w |
Контрольный № источника |
RU/CBS_UL/BASE/319aa7f69bdf4eeaa7ba7607f0abda7b |
| 909 |
Создатель записи |
__ |
| a |
Создатель записи |
lib2 |